| 000 | 00423nam a2200181Ia 4500 | ||
|---|---|---|---|
| 005 | 20240823034808.0 | ||
| 008 | 240823s9999||||xx |||||||||||||| ||und|| | ||
| 041 | _aENGLISH | ||
| 082 | _A005.7565 N3 CLI | ||
| 100 | _aRamalho.Jose A | ||
| 245 | 0 | _a111 Clipper Functions | |
| 250 | _a1st | ||
| 260 |
_c1993 _b"BPB,New Delhi" |
||
| 500 | _aYES | ||
| 650 |
_aClipper _bComputer Science |
||
| 942 | _cBK | ||
| 999 |
_c199143 _d199143 |
||